000 02475nam0a2200385 4500
001 RU\NLR\BIBL_A\012328017
005 20200917191515.0
010 _a978-5-91730-920-0
_9100
021 _aRU
_bКН-П-20-026655
_9КН-П-20-2056
035 _a(NLR Aleph) 012328017
035 _a(RuMoRGB)010331704
090 _a11457393
_c11457393
100 _a20200907d2020 u y0rusy50 ca
101 0 _arus
102 _aRU
105 _ay zzjz0|||yz
181 0 _ai
_baxxe
182 0 _an
200 1 _aКомплексное сопровождение педагогов, реализующих инклюзивную практику
_eучебное пособие
_e[для бакалавров и магистров направления подготовки Педагогическое образование и Специальное дефектологическое образование]
_fЛ. Ф. Тихомирова, Е. А. Нежданова
_gМинистерство науки и высшего образования Российской Федерации, ФГБОУ ВО "Ярославский государственный педагогический университет им. К. Д. Ушинского"
203 _aТекст
_bвизуальный
_cнепосредственный
210 _aЯрославль
_cИзд-во Ярославского государственного педагогического университет им. К.Д. Ушинского
_d2020
215 _a75 с.
_cил., табл.
_d21
225 1 _aСерия: инклюзивное образование
300 _aНа обороте тит. л. авт.: д.п.н., к.м.н., проф. Л.Ф. Тихомирова, Е.А. Нежданова
320 _aБиблиогр.: с. 72-75 (40 назв.)
606 1 _aИнклюзивные образовательные учреждения
_jУчебные издания для высших учебных заведений
_xПреподаватели
_92209347
_3RU\NLR\AUTH\6601561356
686 1 _aЧ314.21я73
686 1 _aЧ430.142.1я73
700 1 _7ca
_8rus
_aТихомирова
_bЛ. Ф.
_cд-р пед. наук
_gЛариса Федоровна
_935969
_3RU\NLR\AUTH\7753036
701 1 _aНежданова
_bЕ. А.
_gЕлена Алексеевна
942 _cBOOK
980 _aNBR
980 _aNB